000 00556nam a2200193 4500
003 OSt
005 20240705051505.0
006 a
008 240705b |||||||| |||| 00| 0 eng d
020 _a9789810698713
040 _aDWCL-Main lib.
_cOC
082 _aCirc. 610.73 K88 2008
100 _aBarbara Kozier [et al.]
245 _aKozier & ERB’S fundamentals of nursing: checklist /
260 _aSingapore :
_bPearson Education South Asia, Pte LTd,
_cc2008.
300 _b249p.;
_c26cm.
650 _a1. Nursing.
942 _2ddc
_n0
_cBK-CIRC
_kCirc.
999 _c2013
_d2013